000 01040cab a22002414i 4500
001 768714001
003 CO-MdFUSB
005 20230111084618.0
008 180614s1993 gt ||||| |||| 00| 0 spa d
022 _a1014-9341
040 _aCO-MdFUSB
_bspa
_cCO-MdFUSB
_dCO-MdFUSB
041 _aspa
100 1 _aParedes, Tito
_eautor
245 0 0 _aFe cristiana, antropología y las ciencias sociales
_c/ Tito Paredes
300 _aNúmero 12 (Enero - Junio, 1993), páginas 63-82
_c; 22 cm
520 _aEste artículo tiene por objeto explicar la relación entre la fe cristiana y las ciencias sociales con especial atención a la antropología. La antropología tiene importantes aportes al que hacer teológico y misionero de la iglesia.
650 7 _9531
_aFe
650 0 _94
_aAntropología
653 _aCiencias sociales
773 0 _tKairós
_049489
_961206
_gNúmero 12 (Enero - Junio, 1993), páginas 63-82
_qPágina 63
773 0 _049489
_981308
_gNúmero 12 (Enero - Junio, 1993), páginas 63-82
_qPágina 63
_tKairós
942 _cANA
999 _c51175
_d51175